| 000 | 00770nam a2200253 a 4500 | ||
|---|---|---|---|
| 001 | BRL_36 | ||
| 005 | 20190320210548.0 | ||
| 008 | 860109s1974 mx-a######---#000-0aspa-# | ||
| 040 |
_aDLC _cDLC _dDLC |
||
| 041 | _aspa | ||
| 044 | _amx | ||
| 050 | 4 |
_aNA754 _b.M39 1974 |
|
| 100 | 1 |
_aMaza, Francisco de la, _d1913-1972 _9278 |
|
| 245 | 1 | 0 |
_aDel neoclásico al art-nouveau y primer viaje a Europa _b(dos estudios inéditos) _cFrancisco de la Maza. |
| 260 |
_aMéxico _bSEP _c1974 |
||
| 300 |
_a191 p. _bil. _c17 cm. |
||
| 440 | 0 |
_aSepsetentas _922717 |
|
| 500 | _aAu77 | ||
| 650 | 1 | 4 |
_aArquitectura _xHistoria _ySiglo XIX _zMéxico _922718 |
| 650 | 1 | 4 |
_aArquitectura _xHistoria _ySiglo XX _zMéxico _914361 |
| 740 | 0 | _aPrimer viaje a Europa | |
| 902 | _aGRL | ||
| 942 |
_2lcc _cB |
||
| 999 |
_c8849 _d8849 |
||